000 00883nam a22002055i 4500
001 157470
003 ES-MaACL
005 20230906210712.0
008 990203m18881892be |||| | fre d
040 _aCCPB | B
_bspa
_cCCPB | B
100 1 _aLegrelle, Arsène (
_d1834-1899)
_9128855
245 1 3 _aLa diplomatie française et la succession d'Espagne /
_cpar A. Legrelle.
260 _aGand :
_b[s.n.],
_c1888-1892 (
_fImprimerie F.-L. Dullé-Plus)
300 _a4 v. ;
_c25 cm.
505 8 _aContiene: T. I.: Le premier traité de partage (1659-1697) -- T. II: Le deuxième traité de partage (1697-1699) -- T. III: Le troisième traité de partage (1699-1700) -- T. IV: La solution (1700-1725)
597 _aAntep.
651 4 _aFrancia-
_xRelaciones-
_zEspaña.
_9146675
651 4 _aEspaña-
_xRelaciones-
_zFrancia.
_9146674
852 _aES-MaACL
_jF-10904-07
_z-- Enc. pasta
999 _c157470
_d157470